Building surveys (Record no. 105928)

MARC details
000 -LEADER
fixed length control field 01621cam a2200253 4500
001 - CONTROL NUMBER
control field ##L135147
008 - FIXED-LENGTH DATA ELEMENTS--GENERAL INFORMATION
fixed length control field 060929n2006 000 0 eng u
020 ## - INTERNATIONAL STANDARD BOOK NUMBER
International Standard Book Number 0750681284
-- 9780080464565
035 ## - SYSTEM CONTROL NUMBER
System control number (Sirsi) u135147
041 0# - LANGUAGE CODE
Language code of text/sound track or separate title eng
050 04 - LIBRARY OF CONGRESS CALL NUMBER
Classification number 690.2 $2 18
100 1# - MAIN ENTRY--PERSONAL NAME
Personal name Glover, Peter
245 00 - TITLE STATEMENT
Title Building surveys
250 ## - EDITION STATEMENT
Edition statement 6th ed.
260 ## - PUBLICATION, DISTRIBUTION, ETC.
Place of publication, distribution, etc. Oxford
Name of publisher, distributor, etc. Butterworth Heinemann
Date of publication, distribution, etc. 2006
350 ## - PRICE (NR) (BK AM CF MU VM SE) [OBSOLETE]
Price 24.99
505 1# - FORMATTED CONTENTS NOTE
Formatted contents note Organisation -- House surveys -- Foundations -- Walls -- Floors -- Roofs and chimneys -- Joinery and woodwork -- Finishes and surfaces -- Services -- The report -- Home condition, homebuyer and other pro forma reports -- Reports on non-residential buildings -- Reports on flats and apartments -- New buildings and buildings under construction -- Reports on older buildings -- Reports on leasehold properties -- Reports for prospective mortgages -- A typical building survey report -- Legal considerations -- Dilapidations -- Conservation and the surveyor -- The surveyor as an expert witness
520 ## - SUMMARY, ETC.
Summary, etc. This eBook is aimed at both students and practitioners emphasises the practical knowledge, techniques and equipment required to inspect and report accurately. Covers new concerns such as asbestos, contamination and energy efficiency in buildings as well as changes in legislation. Also discusses recent cases that impact on surveyor's liabilities to their clients. Includes a glossary, bibliography and list of court cases.
520 ## - SUMMARY, ETC.
Summary, etc. Supersedes fifth edition (ISBN 0750659750).
590 ## - LOCAL NOTE (RLIN)
Local note KA
690 ## - LOCAL SUBJECT ADDED ENTRY--TOPICAL TERM (OCLC, RLIN)
Topical term or geographic name as entry element Building surveying
9 (RLIN) 6225
942 ## - ADDED ENTRY ELEMENTS (KOHA)
Suppress in OPAC 0
Holdings
Withdrawn status Lost status Source of classification or shelving scheme Damaged status Not for loan Home library Current library Shelving location Date acquired Cost, normal purchase price Total Checkouts Full call number Barcode Date last seen Date last checked out Copy number Cost, replacement price Price effective from Koha item type
    Dewey Decimal Classification     London London Books 14/02/2007 24.99 23 690.2 GLO 30073671 06/08/2019 15/01/2010 3 24.99 06/08/2019 Book
  Missing from bundle       Virtual Virtual Online 05/02/2010 41.68   EBOOK 135147-3001 06/08/2019   1 41.68 06/08/2019 Book